Cruzada : [características especiales] = Kingdom of Heaven : [Special Features] /
Segundo y último tomo de esta presentación en DVD del décimo quinto largometraje dirigido por el cineasta inglés Ridley Scott, producido en Hollywood y situado en la época histórica de las Cruzadas. Precedido por el volumen inicial que contiene la película, su composición es la siguiente: 1) Un docu...
Uloženo v:
| Hlavní autor: | |
|---|---|
| Další autoři: | , , , , , , , , , , |
| Médium: | |
| Jazyk: | angličtina |
| Vydáno: |
Nueva York, EUA :
Twentieth Century Fox : A+E Networks, The History Channel,
2005, c2005
|
| Edice: | (La Historia vs. Hollywood)
(History vs. Hollywood) (Movie Real) |
| Témata: | |
| Tagy: |
Žádné tagy, Buďte první, kdo vytvoří štítek k tomuto záznamu!
|
MARC
| LEADER | 00000ngm^a2200000^a^4500 | ||
|---|---|---|---|
| 001 | 000187047 | ||
| 005 | 20250521000000.0 | ||
| 009 | 20260310102247.549 | ||
| 037 | |a Acervo ITESO - Biblioteca | ||
| 041 | |a ING | ||
| 082 | |a 810. |b SCO V. 2 | ||
| 100 | |a Gaffey, Jim |e (prod.) | ||
| 240 | 1 | 1 | |a [Cruzada] |
| 240 | 1 | 4 | |a [La historia vs. Hollywood] |
| 245 | 1 | 0 | |a Cruzada : |b [características especiales] = Kingdom of Heaven : [Special Features] / |c Prod. de J. Gaffey, M. Epstein, C. Suh ; realización de S. Jack. |
| 264 | 4 | |a Nueva York, EUA : |b Twentieth Century Fox : |b A+E Networks, The History Channel, |c 2005, c2005 | |
| 264 | 2 | |a México : |b Twentieth Century Fox [distribución], |c 2005, c2005 | |
| 300 | |a 1 DVD regiones 1 y 4 |c (3, 2, 2, 2, 43, 44 min.) | ||
| 336 | |a imagen móvil bidimensional |b tdi |2 rdacontenido | ||
| 337 | |a video |b v |2 rdamedio | ||
| 338 | |a videodisco |b vd |2 rdasoporte | ||
| 440 | 4 | |a (La Historia vs. Hollywood) | |
| 440 | 1 | |a (History vs. Hollywood) | |
| 440 | 1 | |a (Movie Real) | |
| 520 | |a Segundo y último tomo de esta presentación en DVD del décimo quinto largometraje dirigido por el cineasta inglés Ridley Scott, producido en Hollywood y situado en la época histórica de las Cruzadas. Precedido por el volumen inicial que contiene la película, su composición es la siguiente: 1) Un documental detrás de cámaras sin titulo (83 min.), con las opciones de reproducirlo según un punto de vista (la dirección, el equipo técnico, el reparto) y una etapa de producción (pre-producción, producción, post-producción); 2-5. Kingdom of Heaven: la creación de mundos (3 min.), Kingdom of Heaven: Orlando Bloom: la aventura de su vida (2 min.), Kingdom of Heaven: la ciudad antigua cobra vida (2 min.) y Kingdom of Heaven: los personajes a través del vestuario (2 min.), breves segmentos sobre distintos aspectos de la filmación, incluido el trabajo protagonista del actor inglés Bloom; 6) La historia vs. Hollywood: Kingdom of Heaven (43 min.), emisión de este programa televisual dedicado al análisis de las representaciones fílmicas propuestas por la industria norteamericana en torno a la historia; 7) Movie Real: Kingdom of Heaven (44 min.), otro programa de televisión y 8) Trailer o avance (2 min. y medio). Cabe especificar que aunque varios de estos títulos están en inglés, la mayor parte de ellos incluyen subtítulos opcionales en español. | ||
| 546 | |a En inglés, con subtítulos opcionales: español, portugués | ||
| 649 | |a XX | ||
| 650 | |a Cineastas Ingleses | ||
| 650 | |a Making Of (Documentales detrás de Cámaras) | ||
| 650 | |a Cine Norteamericano - |x Historia y Crítica | ||
| 650 | |a Cine Norteamericano - |y 2000-2009 | ||
| 650 | |a Cine Norteamericano - |y Siglo XXI | ||
| 650 | |a Guerra Santa | ||
| 650 | |a Guerra y Religión | ||
| 650 | |a Guerra y Paz | ||
| 650 | |a Violencia Política | ||
| 650 | |a Fundamentalismo Religioso | ||
| 650 | |a Tolerancia e Intolerancia | ||
| 650 | |a Política y Religión | ||
| 650 | |a Relaciones Internacionales - |z Occidente-Oriente | ||
| 650 | |a Relaciones Interculturales - |z Occidente-Oriente | ||
| 650 | |a Cristianismo | ||
| 650 | |a Islamismo | ||
| 650 | |a Jerusalén, Israel - |x Historia - |y Reino Latino, 1099-1244 | ||
| 650 | |a Palestina - |x Historia - |y 638-1917 | ||
| 650 | |a Medio Oriente - |x Historia | ||
| 650 | |a Cruzadas - |x Historia | ||
| 650 | |a Edad Media - |x Historia | ||
| 650 | |a Scott, Ridley - |x Tema Principal | ||
| 740 | 0 | |a Kingdom of Heaven : |b la creación de mundos = Kingdom of Heaven : Ridley Scott Creating Worlds / | |
| 740 | 0 | |a Kingdom of Heaven : |b Orlando Bloom : la aventura de su vida = Kingdom of Heaven : Orlando Bloom The Adventure of a Lifetime / | |
| 740 | 0 | |a Kingdom of Heaven : |b la ciudad antigua cobra vida = Kingdom of Heaven : Production Design Bringing and Old City to Life / | |
| 740 | 0 | |a Kingdom of Heaven : |b los personajes a través del vestuario = Kingdom of Heaven : Creating Character through Wardrobe / | |
| 740 | 3 | |a La historia vs. Hollywood : |b Kingdom of Heaven = History vs. Hollywood : Kingdom of Heaven / |c Prod. de J. Gaffey ; realización de S. Jack. | |
| 740 | 0 | |a Movie Real : |b Kingdom of Heaven = Movie Real : Kingdom of Heaven / |c Prod. de M. Epstein, C. Suh. | |
| 700 | |a Jack, Steven |e (realización) | ||
| 700 | |a Budline, Paul |e (guión) | ||
| 700 | |a Wood, Bentley |e (fotógrafo) | ||
| 700 | |a Miller, William |e (montaje) | ||
| 700 | |a Epstein, Michael |e (producción) | ||
| 700 | |a Suh, Caroline |e (producción) | ||
| 700 | |a Epstein, Michael |e (guión) | ||
| 700 | |a Andracke, Greg |e (fotógrafo) | ||
| 700 | |a Hayasaka, Dean |e (fotógrafo) | ||
| 700 | |a Goodman, Joel |e (música) | ||
| 700 | |a Hopper, Tim |e (conducción) | ||
| 910 | |a Fondo General | ||
| 920 | |a Audiovisuales - DVDs | ||
| 940 | |a Películas | ||
| 905 | |a 302 | ||
| 901 | |a 0500088715 |b IT2 |c DVS |u 20250521 | ||
| 902 | |a https://opac.biblio.iteso.mx/vufind/Record/000187047 | ||